000 01245cam a2200361 a 4500
999 _c23253
_d23253
001 vtls008419676
005 20220615112717.0
008 160610s2005 xo g 000 0 slo
020 _a8080780641
035 _aE82E7E82-AE16-42CE-875C-2AD02A883AF6
035 _aurn:nbn:sk:snk-aml2x7
035 _aurn:nbn:sk:snk-am008li2
040 _aVTHK
_bslo
_cVTHK
_eAACR2
_dSNK
041 0 _aslo
044 _axo
_cSK
072 7 _a33
_xEkonómia
_2konspekt
080 _a(072)
_2MDT- MRF
080 _a33
_2MDT-MRF
100 1 _aTáncošová, Judita,
_d1951-
_93072
245 1 0 _aEkonómia v novej ekonomike
_bmetodická pomôcka na semináre
_cJudita Táncošová a kolektív
250 _a1. vyd.
260 _aBratislava
_bIura edition
_c2005
300 _a79 s.
_c24 cm
_e1CD-ROM
490 1 _aEkonómia
_v160.
650 0 7 _aekonómia
_2SNKPH
_93073
655 7 _ametodické príručky
_2SNKPH
_93074
700 1 _aHontyová, Kajetana,
_d1948-
_4aut
_93075
700 1 _aMartincová, Marta,
_d1955-
_4aut
_93076
700 1 _aMatoušková, Eleonóra,
_d1962-
_4aut
_93077
700 1 _aMuchová, Eva,
_d1961-
_4aut
_93078
700 1 _aPiovarčiová, Veronika,
_d1951-
_4aut
_93079
850 _bKIS3G